000
00249nam a22000977a 4500
999
_c
11747
_d
11747
008
200113b ||||| |||| 00| 0 eng d
020
_a
9781564587336
100
_a
Snap Shot
_9
7434
245
_a
In the Sea
260
_a
New York
_b
Covent Garden Books
_c
1994